[Event "2nd Danube Rapid Cup 2013"]
[Site "Kozloduy BUL"]
[Date "2013.11.01"]
[Round "1.1"]
[White "Rapport, Richard"]
[Black "Petkov, Vladimir"]
[Result "1-0"]
[WhiteTitle "GM"]
[BlackTitle "GM"]
[WhiteElo "2680"]
[BlackElo "2570"]
[WhiteFideId "738590"]
[BlackFideId "2901188"]
[EventDate "2013.11.01"]

1. e4 c5 2. b3 Nf6 3. e5 Nd5 4. Bb2 Nc6 5. Bc4 Nb6 6. Bb5 g6 7. Bxc6 dxc6 8. d3
Bg7 9. h3 O-O 10. Nf3 Nd5 11. Nbd2 b5 12. O-O Nb6 13. Qe2 a5 14. Ne4 c4 15. dxc4
bxc4 16. Rfd1 Qc7 17. Nc5 a4 18. bxc4 a3 19. Bd4 Na4 20. Rab1 Qa5 21. Nxa4 Qxa4
22. Bc5 Be6 23. Rb4 Qa5 24. Bxe7 Rfe8 25. Bd6 c5 26. Rb5 Qc3 27. Rxc5 Qb2 28.
Nd4 Qxa2 29. Nxe6 Rxe6 30. Qf3 Rae8 31. Rc7 Bf6 32. Bxa3 Qxc2 33. exf6 Ra8 1-0

[Event "2nd Danube Rapid Cup 2013"]
[Site "Kozloduy BUL"]
[Date "2013.11.01"]
[Round "1.2"]
[White "Nevednichy, Vladislav"]
[Black "Ivanisevic, Ivan"]
[Result "1/2-1/2"]
[WhiteTitle "GM"]
[BlackTitle "GM"]
[WhiteElo "2590"]
[BlackElo "2619"]
[WhiteFideId "1205730"]
[BlackFideId "912417"]
[EventDate "2013.11.01"]

1. e4 c5 2. Nf3 e6 3. d3 Nc6 4. g3 g6 5. Bg2 Bg7 6. O-O Nge7 7. c3 O-O 8. Re1 e5
9. a3 d6 10. b4 h6 11. b5 Na5 12. c4 f5 13. Nc3 f4 14. h3 g5 15. Nh2 Bd7 16. Bd2
Qc8 17. g4 b6 18. Ra2 Rf7 19. Nd5 Nxd5 20. exd5 Nb7 21. Be4 Bf6 22. a4 a6 23.
bxa6 Rxa6 24. Qb3 Bd8 25. Bc3 Na5 26. Qc2 Bc7 27. Rb1 Rg7 28. Bf3 Nb7 29. Nf1 h5
30. Qd1 Rh7 31. Nh2 Nd8 32. Rba1 Nf7 33. a5 bxa5 34. Bxa5 Rxa5 35. Rxa5 Bxa5 36.
Rxa5 hxg4 37. Bxg4 Bxg4 38. Qxg4 Qxg4+ 39. hxg4 Rh3 40. f3 e4 41. dxe4 Ne5 42.
Kg2 Rg3+ 43. Kf2 Nxc4 44. Ra8+ Kf7 45. Nf1 Rh3 46. Kg2 Rh6 47. Ra4 Ne5 48. Ra8
Nc4 49. Ra4 Nb2 50. Ra6 Nc4 51. Ra4 Ne5 52. Ra8 Rh7 53. Nd2 Kf6 54. Ra6 Rd7 55.
Kf2 Ke7 56. Nb3 Rb7 57. Nxc5 Rb2+ 58. Kf1 Nxf3 59. Ra7+ Ke8 60. Ne6 Nd2+ 61. Ke1
Nxe4 62. Ng7+ Kd8 63. Ne6+ Kc8 64. Rc7+ Kb8 65. Rf7 Rb5 66. Nd4 Rb1+ 67. Ke2
Nc3+ 68. Kd3 Nxd5 69. Nc6+ Kc8 70. Ke4 Rd1 71. Kf5 Rc1 72. Nd4 Rc7 73. Rxc7+
Kxc7 74. Kxg5 Kb6 75. Kf5 Kc5 76. Ne6+ Kc4 77. Nxf4 Ne3+ 78. Ke6 Nxg4 79. Kxd6 1/2-1/2

[Event "2nd Danube Rapid Cup 2013"]
[Site "Kozloduy BUL"]
[Date "2013.11.01"]
[Round "1.4"]
[White "Shengelia, David"]
[Black "Iordachescu, Viorel"]
[Result "1-0"]
[WhiteTitle "GM"]
[BlackTitle "GM"]
[WhiteElo "2543"]
[BlackElo "2614"]
[WhiteFideId "13601270"]
[BlackFideId "13900200"]
[EventDate "2013.11.01"]

1. d4 Nf6 2. c4 e6 3. Nc3 Bb4 4. e3 O-O 5. Bd3 c5 6. Nf3 b6 7. O-O Bb7 8. Re1 d6
9. Bd2 Nbd7 10. a3 Bxc3 11. Bxc3 Rc8 12. Rc1 Ne4 13. Bxe4 Bxe4 14. Nd2 Bb7 15.
e4 cxd4 16. Bxd4 e5 17. Bc3 Nc5 18. Re3 f5 19. exf5 Rxf5 20. b4 Ne6 21. Ne4 Bxe4
22. Rxe4 Nf4 23. Be1 Qg5 24. g3 d5 25. h4 Qh6 26. Re3 d4 27. Re4 Nh5 28. Bd2 Qg6
29. Rg4 Qf7 30. Rg5 Rxg5 31. hxg5 g6 32. Qe2 Rf8 33. c5 bxc5 34. bxc5 e4 35. Qc4
e3 36. fxe3 dxe3 37. Bxe3 Nxg3 38. c6 a6 39. c7 Rc8 40. Qxa6 Qe6 41. Qxe6+ 1-0

[Event "2nd Danube Rapid Cup 2013"]
[Site "Kozloduy BUL"]
[Date "2013.11.01"]
[Round "2.3"]
[White "Svane, Rasmus"]
[Black "Shengelia, David"]
[Result "1-0"]
[WhiteTitle "IM"]
[BlackTitle "GM"]
[WhiteElo "2467"]
[BlackElo "2543"]
[WhiteFideId "4657101"]
[BlackFideId "13601270"]
[EventDate "2013.11.01"]

1. d4 Nf6 2. c4 e6 3. Nc3 Bb4 4. Qc2 O-O 5. Nf3 b6 6. e4 c5 7. e5 cxd4 8. Nxd4
Ne8 9. Bd3 f5 10. exf6 Nxf6 11. O-O Bb7 12. Bg5 h6 13. Bh4 Nc6 14. Nxc6 Bxc6 15.
Ne4 Be7 16. Rad1 Rc8 17. b3 b5 18. Bxf6 Bxf6 19. Nd6 Rc7 20. c5 Be7 21. Bh7+ Kh8
22. b4 Bxd6 23. Rxd6 Qh4 24. a3 Qg4 25. Qg6 Qxg2+ 26. Qxg2 Bxg2 27. Kxg2 Kxh7
28. Rfd1 Rf7 29. Ra6 Kg6 30. Ra5 Rb7 31. Rd6 Kf5 32. Rda6 d5 33. c6 Rbc7 34.
Rxb5 Ke4 35. Rb8 e5 36. b5 d4 37. a4 g5 38. Rd8 Rf5 39. Rd7 Rc8 40. c7 h5 41.
Rc6 Rff8 42. a5 g4 43. b6 axb6 44. axb6 Ra8 45. Rc2 h4 46. b7 h3+ 47. Kg3 Rf3+
48. Kh4 Rh8+ 49. Kg5 Rf5+ 50. Kg6 Kf4 51. c8=Q Rhh5 52. Rxd4+ exd4 53. b8=Q+ 1-0

[Event "2nd Danube Rapid Cup 2013"]
[Site "Kozloduy BUL"]
[Date "2013.11.01"]
[Round "2.5"]
[White "Rapport, Richard"]
[Black "Nevednichy, Vladislav"]
[Result "1/2-1/2"]
[WhiteTitle "GM"]
[BlackTitle "GM"]
[WhiteElo "2680"]
[BlackElo "2590"]
[WhiteFideId "738590"]
[BlackFideId "1205730"]
[EventDate "2013.11.01"]

1. e4 c5 2. b3 b6 3. Bb2 Bb7 4. Nc3 e6 5. Qe2 Nc6 6. O-O-O a6 7. f4 Nd4 8. Qe3
Nf6 9. Nge2 Qc7 10. h3 h5 11. e5 Nf5 12. Qf2 Nd5 13. Nxd5 Bxd5 14. Nc3 Bb7 15.
Bd3 h4 16. Rhe1 Be7 17. Ne4 O-O-O 18. Ng5 Bxg5 19. Bxf5 Be7 20. Be4 g6 21. d4 c4
22. Bxb7+ Kxb7 23. Qf3+ Ka7 24. d5 cxb3 25. axb3 Rc8 26. Re2 Bc5 27. Kb1 Qb7 28.
Red2 Rc7 29. Rd3 Rhc8 30. R1d2 a5 31. Bd4 Qa6 32. Bxc5 Rxc5 33. dxe6 dxe6 34.
Rd7+ R5c7 35. Rxc7+ Rxc7 36. Rd8 Qb7 37. Qe2 Qc6 38. Qd2 Kb7 39. Rd6 Qb5 40. Qd4
Qb4 41. Qxb4 axb4 42. Kc1 Rc3 43. Rd7+ Kc6 44. Rxf7 Rg3 45. Rh7 Rxg2 46. Rxh4
Kd5 47. Rh8 Rg1+ 48. Kd2 Rg2+ 49. Kc1 Rg1+ 50. Kb2 Rf1 51. Rf8 Rf3 52. Rf6 Rf1
53. Rf8 b5 54. Rb8 Rxf4 55. Rxb5+ Kc6 56. Rb8 Kd5 57. Rb5+ Kc6 58. Rb8 Kd5 59.
Rg8 Kxe5 60. Rxg6 Rh4 61. Rg5+ Kf4 62. Rb5 e5 63. Rxb4+ e4 64. Kc3 Rxh3+ 65. Kd4
Rh1 66. Rb8 Rd1+ 67. Kc3 e3 68. Rf8+ Kg3 69. Rg8+ Kf2 70. Rf8+ Kg3 71. Rg8+ Kf2
72. Rf8+ Kg3 73. Re8 Kf2 74. Rf8+ 1/2-1/2

[Event "2nd Danube Rapid Cup 2013"]
[Site "Kozloduy BUL"]
[Date "2013.11.01"]
[Round "3.3"]
[White "Shengelia, David"]
[Black "Ivanisevic, Ivan"]
[Result "0-1"]
[WhiteTitle "GM"]
[BlackTitle "GM"]
[WhiteElo "2543"]
[BlackElo "2619"]
[WhiteFideId "13601270"]
[BlackFideId "912417"]
[EventDate "2013.11.01"]

1. d4 d5 2. Nf3 Nf6 3. e3 g6 4. c4 Bg7 5. Be2 O-O 6. cxd5 Nxd5 7. h4 c5 8. h5
cxd4 9. hxg6 hxg6 10. exd4 Nc6 11. Nc3 Bg4 12. Bh6 Bxh6 13. Rxh6 e5 14. Nxe5
Nxc3 15. bxc3 Nxe5 16. dxe5 Qg5 17. Qd2 Qxe5 18. Kf1 Rad8 19. Qe3 Bxe2+ 20. Qxe2
Qxe2+ 21. Kxe2 Rfe8+ 22. Kf1 Rd2 23. Re1 Rxe1+ 24. Kxe1 Rxa2 25. Rh4 Kg7 26. Rc4
b5 27. Rc7 a6 28. g4 Kf6 29. Kf1 Ra4 30. Ke2 Rc4 31. Ra7 Rxc3 32. Rxa6+ Kg5 33.
Rb6 Rb3 34. f3 f5 35. gxf5 gxf5 36. Rd6 Kf4 37. Rd4+ Kg3 38. Rd5 Rb2+ 39. Kd3 f4
40. Kc3 Rb1 41. Kc2 Rb4 42. Kc3 Rc4+ 43. Kd3 Kxf3 44. Rxb5 Rc8 45. Kd2 Kf2 46.
Kd3 f3 47. Ke4 Re8+ 48. Kf4 Rf8+ 49. Ke4 Kg2 50. Rg5+ Kf1 51. Ke3 f2 52. Kd2
Rd8+ 53. Kc2 Ke2 54. Re5+ Kf3 55. Rf5+ Ke3 56. Rf7 Rd4 0-1

[Event "2nd Danube Rapid Cup 2013"]
[Site "Kozloduy BUL"]
[Date "2013.11.01"]
[Round "3.4"]
[White "Saric, Ivan"]
[Black "Svane, Rasmus"]
[Result "0-1"]
[WhiteTitle "GM"]
[BlackTitle "IM"]
[WhiteElo "2628"]
[BlackElo "2467"]
[WhiteFideId "14508150"]
[BlackFideId "4657101"]
[EventDate "2013.11.01"]

1. e4 e6 2. d4 d5 3. Nc3 Nf6 4. e5 Nfd7 5. f4 c5 6. Nf3 Be7 7. Be3 O-O 8. Qd2 b6
9. O-O-O Nc6 10. Kb1 c4 11. f5 b5 12. Nxb5 Rb8 13. Nd6 Bxd6 14. exd6 Nf6 15. Bg5
Qb6 16. Qc3 Ne4 17. Qa3 exf5 18. Be2 Nxg5 19. Nxg5 Nxd4 20. Bh5 g6 21. Qc3 Nb5
22. Qf6 d4 23. Kc1 Nc3 24. bxc3 Qb2+ 25. Kd2 Qxc3+ 26. Ke2 d3+ 0-1

[Event "2nd Danube Rapid Cup 2013"]
[Site "Kozloduy BUL"]
[Date "2013.11.01"]
[Round "3.5"]
[White "Baklan, Vladimir"]
[Black "Iordachescu, Viorel"]
[Result "1/2-1/2"]
[WhiteTitle "GM"]
[BlackTitle "GM"]
[WhiteElo "2627"]
[BlackElo "2614"]
[WhiteFideId "14102196"]
[BlackFideId "13900200"]
[EventDate "2013.11.01"]

1. e4 c6 2. d4 d5 3. exd5 cxd5 4. c4 Nf6 5. Nc3 Nc6 6. Nf3 Be6 7. Bg5 Ne4 8.
Nxe4 dxe4 9. d5 exf3 10. dxe6 Qa5+ 11. Qd2 Qe5+ 12. Qe3 Qa5+ 13. Qd2 Qe5+ 14.
Qe3 Qa5+ 15. Qd2 1/2-1/2

[Event "2nd Danube Rapid Cup 2013"]
[Site "Kozloduy BUL"]
[Date "2013.11.01"]
[Round "4.2"]
[White "Svane, Rasmus"]
[Black "Baklan, Vladimir"]
[Result "0-1"]
[WhiteTitle "IM"]
[BlackTitle "GM"]
[WhiteElo "2467"]
[BlackElo "2627"]
[WhiteFideId "4657101"]
[BlackFideId "14102196"]
[EventDate "2013.11.01"]

1. d4 d6 2. Nf3 Nf6 3. c4 g6 4. Nc3 Bf5 5. Nh4 Bd7 6. Nf3 Bg7 7. e4 O-O 8. Be2
c5 9. d5 e6 10. dxe6 Bxe6 11. O-O Nc6 12. Bf4 Nd4 13. Nxd4 cxd4 14. Nb5 Nxe4 15.
Nxd4 Qb6 16. Nb5 Bxb2 17. Rb1 Be5 18. Bxe5 dxe5 19. Bf3 Rad8 20. Bxe4 Rxd1 21.
Rfxd1 Qc5 22. Bxb7 Bxc4 23. a4 Rb8 24. Nd6 Be2 25. Rd2 Ba6 26. h3 Qc7 27. Ne8
Qe7 28. Rd7 Qxe8 0-1

[Event "2nd Danube Rapid Cup 2013"]
[Site "Kozloduy BUL"]
[Date "2013.11.01"]
[Round "4.4"]
[White "Rapport, Richard"]
[Black "Shengelia, David"]
[Result "1-0"]
[WhiteTitle "GM"]
[BlackTitle "GM"]
[WhiteElo "2680"]
[BlackElo "2543"]
[WhiteFideId "738590"]
[BlackFideId "13601270"]
[EventDate "2013.11.01"]

1. d4 Nf6 2. c4 e6 3. Nc3 Bb4 4. Bg5 h6 5. Bh4 b6 6. f3 Nc6 7. e4 e5 8. a3 Bxc3+
9. bxc3 Qe7 10. Ne2 d6 11. Bf2 Na5 12. Ng3 c5 13. Bd3 h5 14. h4 g6 15. Nf1 Ba6
16. Nd2 Qe6 17. d5 Qd7 18. a4 O-O-O 19. Nb3 Kc7 20. O-O Rb8 21. Bg3 Rhe8 22. Rf2
Re7 23. Rb2 Ree8 24. Qe2 Rg8 25. f4 Nxb3 26. Rxb3 Ng4 27. fxe5 Nxe5 28. Bxe5
dxe5 29. a5 Bc8 30. Qf2 f5 31. Rxb6 1-0

[Event "2nd Danube Rapid Cup 2013"]
[Site "Kozloduy BUL"]
[Date "2013.11.01"]
[Round "5.2"]
[White "Shengelia, David"]
[Black "Nevednichy, Vladislav"]
[Result "0-1"]
[WhiteTitle "GM"]
[BlackTitle "GM"]
[WhiteElo "2543"]
[BlackElo "2590"]
[WhiteFideId "13601270"]
[BlackFideId "1205730"]
[EventDate "2013.11.01"]

1. d4 Nf6 2. c4 d6 3. Nc3 g6 4. g3 Bg7 5. Bg2 O-O 6. Nf3 c6 7. O-O Qa5 8. Nd2
Nbd7 9. e4 e5 10. d5 Qc7 11. Re1 a6 12. Bf1 c5 13. Rb1 Bh6 14. b4 cxb4 15. Rxb4
Nc5 16. Rb1 Bg4 17. Qc2 Rfc8 18. Ba3 b6 19. Nb3 Bd7 20. Nxc5 bxc5 21. Rb3 Rcb8
22. Reb1 Rxb3 23. Qxb3 Bd2 24. Bd3 Qa5 25. Ne2 Bg4 26. Qc2 Nxe4 27. Bxe4 Bxe2
28. Rb3 Bg4 29. Bb2 Bh6 30. Bc3 Qc7 31. Qb2 Bc8 32. Rb6 Bg7 33. Rc6 Qd8 34. f4
f6 35. fxe5 fxe5 36. h4 Bf8 37. Bd2 Bd7 38. Rb6 Bc8 39. Bg5 Qd7 40. Qe2 Qh3 41.
Qf3 Ra7 42. Qg2 Qg4 43. Qf3 Qh3 44. Qg2 Qd7 45. Qf3 Qa4 46. Rc6 Rf7 47. Qd3 Bh3
48. Kh2 Bf5 49. Bxf5 Rxf5 50. Qb3 Qa5 51. g4 Rf2+ 52. Kg3 Qe1 0-1

[Event "2nd Danube Rapid Cup 2013"]
[Site "Kozloduy BUL"]
[Date "2013.11.01"]
[Round "5.3"]
[White "Saric, Ivan"]
[Black "Rapport, Richard"]
[Result "1-0"]
[WhiteTitle "GM"]
[BlackTitle "GM"]
[WhiteElo "2628"]
[BlackElo "2680"]
[WhiteFideId "14508150"]
[BlackFideId "738590"]
[EventDate "2013.11.01"]

1. e4 e6 2. d4 d5 3. Nc3 Bb4 4. e5 c5 5. a3 Bxc3+ 6. bxc3 Qa5 7. Bd2 Qa4 8. Qg4
Kf8 9. Nf3 Nc6 10. Qf4 Qxc2 11. dxc5 Nge7 12. Be2 Ng6 13. Qe3 Qe4 14. Qxe4 dxe4
15. Ng5 Ncxe5 16. Nxe4 Bd7 17. O-O Bc6 18. Nd6 Nd7 19. Be3 Ke7 20. Rfd1 Rhb8 21.
a4 b6 22. Nb5 Rc8 23. Nd4 Be4 24. f3 Bd5 25. c4 Bb7 26. cxb6 axb6 27. Nb5 Bc6
28. f4 Nh4 29. g4 f5 30. h3 Rf8 31. Ra3 fxg4 32. hxg4 Nf3+ 33. Kf2 Ng5 34. Ke1
Nf3+ 35. Kf1 Nfe5 36. Nd4 Be4 37. Ke1 Nc6 38. Bd3 Bg2 39. Kf2 Nxd4 40. Kxg2 Nc6
41. Bxh7 Nc5 42. f5 Ne5 43. Bxc5+ bxc5 44. Re3 Nxg4 1-0

[Event "2nd Danube Rapid Cup 2013"]
[Site "Kozloduy BUL"]
[Date "2013.11.01"]
[Round "5.5"]
[White "Iordachescu, Viorel"]
[Black "Svane, Rasmus"]
[Result "1-0"]
[WhiteTitle "GM"]
[BlackTitle "IM"]
[WhiteElo "2614"]
[BlackElo "2467"]
[WhiteFideId "13900200"]
[BlackFideId "4657101"]
[EventDate "2013.11.01"]

1. e4 e6 2. d4 d5 3. Nc3 Nf6 4. Bg5 dxe4 5. Nxe4 Nbd7 6. Nf3 h6 7. Bh4 Be7 8.
Nxf6+ Bxf6 9. Bxf6 Qxf6 10. Qe2 b6 11. Qe4 Rb8 12. Ne5 Bb7 13. Qe3 Qe7 14. O-O-O
O-O 15. f4 Rfd8 16. Bd3 c5 17. Nxd7 Rxd7 18. dxc5 bxc5 19. Rhe1 Qf6 20. Bh7+
Kxh7 21. Rxd7 Bc6 22. Rd6 Qxb2+ 23. Kd2 Qb4+ 24. Ke2 Be4 25. Rd2 Bxg2 26. Kf2
Bd5 27. a3 Qa4 28. Rg1 Be4 29. Qxc5 Bg6 30. Qd4 Qxa3 31. Rg3 Qa5 32. c4 Rb1 33.
Re2 Qh5 34. h3 Rh1 35. Re5 Qh4 36. Kg2 Rc1 37. Re2 a5 38. c5 Qh5 39. Re5 Rc2+
40. Kg1 Qh4 41. Rc3 Ra2 42. c6 Ra1+ 43. Kg2 Ra2+ 44. Kg1 f6 45. Rxe6 Bf5 46. Re7
Bxh3 47. Qd3+ f5 48. Rxg7+ Kxg7 49. Qd7+ Kg6 50. Qe8+ Kg7 51. Qd7+ Kg6 52. Qe6+
Kh5 53. Qf7+ Kg4 54. Qg6+ Kxf4 55. Rc4+ 1-0

[Event "2nd Danube Rapid Cup 2013"]
[Site "Kozloduy BUL"]
[Date "2013.11.02"]
[Round "6.1"]
[White "Petkov, Vladimir"]
[Black "Svane, Rasmus"]
[Result "1-0"]
[WhiteTitle "GM"]
[BlackTitle "IM"]
[WhiteElo "2570"]
[BlackElo "2467"]
[WhiteFideId "2901188"]
[BlackFideId "4657101"]
[EventDate "2013.11.01"]

1. Nf3 Nf6 2. g3 d5 3. Bg2 c6 4. O-O Bg4 5. d3 Nbd7 6. Nbd2 e6 7. Qe1 Be7 8. e4
O-O 9. h3 Bxf3 10. Nxf3 Qb6 11. Qe2 Rac8 12. e5 Ne8 13. b3 d4 14. Qe4 Qc5 15.
Re1 Qxc2 16. Ng5 Bxg5 17. Bxg5 Nc7 18. Qxd4 Nb5 19. Qg4 Qb2 20. Rab1 Qc3 21. Bh6
g6 22. a4 Nc7 23. Bxf8 Rxf8 24. Qc4 Qd2 25. Rbd1 Qb2 26. d4 Nb6 27. Qb4 Na6 28.
Qe7 Rb8 29. a5 Nd5 30. Bxd5 cxd5 31. Rd3 Qa2 32. Rf3 Rf8 33. Qxb7 Qxa5 34. Rc1
Qd2 35. Rc8 1-0

[Event "2nd Danube Rapid Cup 2013"]
[Site "Kozloduy BUL"]
[Date "2013.11.02"]
[Round "7.1"]
[White "Shengelia, David"]
[Black "Petkov, Vladimir"]
[Result "0-1"]
[WhiteTitle "GM"]
[BlackTitle "GM"]
[WhiteElo "2543"]
[BlackElo "2570"]
[WhiteFideId "13601270"]
[BlackFideId "2901188"]
[EventDate "2013.11.01"]

1. d4 Nf6 2. Nf3 e6 3. c4 Nc6 4. e3 g6 5. Nc3 Bg7 6. Bd3 O-O 7. O-O d5 8. b3
dxc4 9. bxc4 b6 10. Ba3 Re8 11. Ne4 Bb7 12. Nxf6+ Bxf6 13. Be4 Na5 14. Bxb7 Nxb7
15. c5 Qd5 16. Qc2 bxc5 17. e4 Qc6 18. Rac1 Red8 19. dxc5 Rab8 20. Rfd1 Qa6 21.
Bb4 Rxd1+ 22. Rxd1 Nd8 23. e5 Bg7 24. Bd2 Nc6 25. Bf4 Ne7 26. h4 h6 27. Qd2 Qa4
28. Re1 Kh7 29. Be3 Nf5 30. Bf4 Rb4 31. g3 Rc4 32. Qd8 Qc6 33. Rb1 Qxf3 34. Rb8
Ne7 35. Qxe7 Rc2 36. Be3 Re2 37. Rb1 Rxe3 38. fxe3 Qxg3+ 39. Kh1 Qf3+ 40. Kg1
Qxe3+ 41. Kf1 Qd3+ 42. Kf2 Qxb1 0-1

[Event "2nd Danube Rapid Cup 2013"]
[Site "Kozloduy BUL"]
[Date "2013.11.02"]
[Round "7.4"]
[White "Iordachescu, Viorel"]
[Black "Rapport, Richard"]
[Result "1/2-1/2"]
[WhiteTitle "GM"]
[BlackTitle "GM"]
[WhiteElo "2614"]
[BlackElo "2680"]
[WhiteFideId "13900200"]
[BlackFideId "738590"]
[EventDate "2013.11.01"]

1. e4 e5 2. Nf3 Nc6 3. Bc4 Bc5 4. c3 d6 5. d4 exd4 6. cxd4 Bb6 7. O-O Nf6 8. h3
O-O 9. d5 Ne5 10. Nxe5 dxe5 11. Nc3 Ne8 12. Qe2 Nd6 13. Bd3 f5 14. exf5 Bxf5 15.
Be3 e4 16. Bc2 Qh4 17. Bxb6 axb6 18. Qe3 Rae8 19. Rae1 b5 20. a3 Bg6 21. Qg3 Qf6
22. Bd1 h5 23. Be2 Re5 24. f4 Re7 25. Qg5 Qxg5 26. fxg5 Rxf1+ 27. Bxf1 c6 28. h4
Bf7 29. Rd1 Nf5 30. d6 Rd7 31. Nxe4 Bd5 32. Nc5 Rxd6 33. Nxb7 Re6 34. Nc5 Re7
35. b3 Ra7 36. Ra1 b4 37. a4 Nd4 38. a5 Nxb3 39. Nxb3 Bxb3 40. a6 Bd5 41. Ra4 b3
42. Rb4 c5 43. Rb5 Rc7 44. Be2 Kf7 45. Bd1 Ke6 46. Bxb3 c4 47. Bc2 Ra7 48. Ra5
Ke5 49. Kf2 Kd4 50. Ra3 c3 51. Ra4+ Kc5 52. Ke3 Bc4 53. Ra5+ Kb4 54. Ra4+ Kc5
55. Ra5+ Kb4 56. Ra4+ Kc5 57. Ra5+ 1/2-1/2

[Event "2nd Danube Rapid Cup 2013"]
[Site "Kozloduy BUL"]
[Date "2013.11.02"]
[Round "7.5"]
[White "Svane, Rasmus"]
[Black "Ivanisevic, Ivan"]
[Result "1/2-1/2"]
[WhiteTitle "IM"]
[BlackTitle "GM"]
[WhiteElo "2467"]
[BlackElo "2619"]
[WhiteFideId "4657101"]
[BlackFideId "912417"]
[EventDate "2013.11.01"]

1. d4 e6 2. c4 c5 3. d5 exd5 4. cxd5 d6 5. Nc3 a6 6. a4 Ne7 7. e4 Ng6 8. Nf3 Be7
9. Be2 O-O 10. O-O Bf6 11. Be3 Nd7 12. Bc1 Bd4 13. Qc2 Rb8 14. Bc4 Qe7 15. Be3
Re8 16. a5 Nde5 17. Qd1 Nxf3+ 18. Qxf3 Bxe3 19. Qxe3 f5 20. h3 Bd7 21. exf5 Bxf5
22. Qxe7 Rxe7 23. Rae1 Rbe8 24. Rxe7 Rxe7 25. g4 Bd7 26. Kg2 h5 27. gxh5 Nf4+
28. Kf3 Nxh3 29. Ne4 Bg4+ 30. Kxg4 Rxe4+ 31. Kxh3 Rxc4 32. Re1 Rd4 33. Re7 Rxd5
34. Rxb7 c4 35. Rb6 Rxh5+ 36. Kg3 Rxa5 37. Rxd6 Ra2 38. Rc6 a5 39. Rxc4 Rxb2 40.
Rc8+ Kh7 41. Ra8 Ra2 42. Ra6 a4 43. f4 a3 44. f5 Ra1 45. Kg2 Kg8 46. Ra7 Kf8 47.
Kh2 a2 48. Kg2 Ke8 49. Ra8+ Ke7 50. Ra6 Kd8 51. Ra7 Kc8 52. Ra3 Kb7 53. Ra5 Kc6
54. Ra6+ Kd5 55. Ra5+ Ke4 56. Ra4+ Kxf5 57. Ra5+ Ke6 1/2-1/2

[Event "2nd Danube Rapid Cup 2013"]
[Site "Kozloduy BUL"]
[Date "2013.11.02"]
[Round "8.2"]
[White "Rapport, Richard"]
[Black "Svane, Rasmus"]
[Result "1-0"]
[WhiteTitle "GM"]
[BlackTitle "IM"]
[WhiteElo "2680"]
[BlackElo "2467"]
[WhiteFideId "738590"]
[BlackFideId "4657101"]
[EventDate "2013.11.01"]

1. b3 d5 2. Bb2 Nf6 3. e3 c5 4. Nf3 e6 5. c4 Nc6 6. g3 Be7 7. Bg2 dxc4 8. bxc4
Qd3 9. Na3 O-O 10. Qb3 Nb4 11. Ne5 Qxb3 12. axb3 Nd7 13. Ke2 Nxe5 14. Bxe5 f6
15. Bc3 e5 16. Bxb4 cxb4 17. Nb5 Bg4+ 18. Bf3 Bf5 19. Bxb7 Rad8 20. e4 Bg6 21.
Bd5+ Kh8 22. Rxa7 Bc5 23. Rc7 Bb6 24. Rb7 Bc5 25. Nc7 Rd6 26. Ra1 f5 27. Ne6
Bh5+ 28. Ke1 Rxe6 29. Bxe6 fxe4 30. g4 Bg6 31. Bf5 1-0

[Event "2nd Danube Rapid Cup 2013"]
[Site "Kozloduy BUL"]
[Date "2013.11.02"]
[Round "8.3"]
[White "Nevednichy, Vladislav"]
[Black "Iordachescu, Viorel"]
[Result "0-1"]
[WhiteTitle "GM"]
[BlackTitle "GM"]
[WhiteElo "2590"]
[BlackElo "2614"]
[WhiteFideId "1205730"]
[BlackFideId "13900200"]
[EventDate "2013.11.01"]

1. b3 d5 2. e3 Nf6 3. Bb2 g6 4. Nf3 Bg7 5. c4 c6 6. Be2 O-O 7. O-O Nbd7 8. d3
Re8 9. cxd5 cxd5 10. Nc3 e5 11. Rc1 a6 12. b4 b6 13. d4 e4 14. Nd2 h5 15. Qb3
Nf8 16. b5 Ne6 17. Rc2 Bf8 18. Rfc1 Bd6 19. Ba3 Bc7 20. h3 a5 21. Na4 Rb8 22.
Rc6 Bd7 23. R6c3 Rb7 24. Kf1 Bb8 25. Ke1 Ng7 26. Kd1 Nf5 27. g4 hxg4 28. hxg4
Ne7 29. g5 Ng4 30. Kc2 Nxf2 31. Rf1 Bg3 32. Kb1 Be6 33. Bc1 Bh4 34. Qc2 Nf5 35.
Nb3 Nd3 36. Bxd3 exd3 37. Qxd3 Ng3 38. Rf3 Bf5 39. Rxf5 Nxf5 40. Rc6 Bxg5 41.
Kb2 Bxe3 42. Bxe3 Rxe3 43. Qd2 Qe8 44. Nc3 Re6 45. Nxd5 Rxc6 46. bxc6 Qxc6 47.
Nc3 Rd7 48. a4 Nd6 49. Qd3 Re7 50. d5 Qc4 51. Qxc4 Nxc4+ 52. Kc2 Nd6 53. Nd4 Kf8
54. Kd3 Ke8 55. Nc6 Re1 56. Kd4 0-1

[Event "2nd Danube Rapid Cup 2013"]
[Site "Kozloduy BUL"]
[Date "2013.11.02"]
[Round "8.5"]
[White "Shengelia, David"]
[Black "Saric, Ivan"]
[Result "1-0"]
[WhiteTitle "GM"]
[BlackTitle "GM"]
[WhiteElo "2543"]
[BlackElo "2628"]
[WhiteFideId "13601270"]
[BlackFideId "14508150"]
[EventDate "2013.11.01"]

1. d4 Nf6 2. c4 g6 3. Nf3 Bg7 4. g3 d5 5. cxd5 Nxd5 6. Bg2 Nb6 7. Nc3 Nc6 8. O-O
Nxd4 9. Nxd4 Qxd4 10. a4 c6 11. a5 Qxd1 12. Rxd1 Nc4 13. a6 O-O 14. axb7 Bxb7
15. Rd7 Rab8 16. Rxa7 Bc8 17. Rxe7 Nxb2 18. Bf4 Rb6 19. Ne4 Nc4 20. h3 h6 21. g4
g5 22. Bg3 Ra6 23. Rac7 Nb6 24. Nd6 Be6 25. Bxc6 Na8 26. Bxa8 Raxa8 27. Nf5 Rfc8
28. Rxf7 Bxf7 29. Ne7+ Kf8 30. Rxc8+ Rxc8 31. Nxc8 Bc4 32. e3 h5 33. gxh5 Be6
34. Nd6 Bxh3 35. Ne4 Bh6 36. f3 Be6 37. Bd6+ Kg8 38. Be7 g4 39. f4 Bg7 40. Bg5
Kh7 41. Kf2 Bf7 42. h6 Bb2 43. Kg3 Bc1 44. Nf6+ Kg6 45. Nxg4 Be6 46. e4 Kh5 47.
h7 Bb2 48. Nf6+ 1-0

[Event "2nd Danube Rapid Cup 2013"]
[Site "Kozloduy BUL"]
[Date "2013.11.02"]
[Round "9.1"]
[White "Saric, Ivan"]
[Black "Petkov, Vladimir"]
[Result "0-1"]
[WhiteTitle "GM"]
[BlackTitle "GM"]
[WhiteElo "2628"]
[BlackElo "2570"]
[WhiteFideId "14508150"]
[BlackFideId "2901188"]
[EventDate "2013.11.01"]

1. e4 c5 2. Nf3 d6 3. d4 cxd4 4. Nxd4 Nf6 5. Nc3 a6 6. Be3 e5 7. Nb3 Be7 8. f3
O-O 9. Qd2 Be6 10. O-O-O Nbd7 11. g4 Rc8 12. Kb1 Nb6 13. g5 Nh5 14. Rg1 Qc7 15.
Qf2 Nc4 16. Bxc4 Qxc4 17. Bb6 Qc6 18. h4 Nf4 19. Na5 Qd7 20. Qd2 Rxc3 21. Qxc3
Ne2 22. Qd3 Nxg1 23. Rxg1 d5 24. exd5 Qxd5 25. Qxd5 Bxd5 26. Re1 f6 27. f4 Bb4
28. c3 Bxa5 29. Bxa5 exf4 30. Bb4 Rd8 31. gxf6 gxf6 32. Rf1 f3 33. Be7 Re8 34.
Bxf6 Re2 35. Bd4 Be4+ 36. Kc1 Rc2+ 37. Kd1 Rxb2 38. Rf2 Rb1+ 39. Kd2 Kf7 40. Ke3
Bc6 41. Bc5 Rh1 42. Rd2 Rxh4 43. Rd8 Re4+ 44. Kf2 Re2+ 45. Kf1 Rxa2 0-1